El mundo es ancho y ajeno
Salvato in:
| Autore principale: | |
|---|---|
| Natura: | Libro |
| Lingua: | spagnolo |
| Pubblicazione: |
Buenos Aires
Losada
1961
|
| Serie: | Novelistas de nuestra época
|
| Soggetti: | |
| Tags: |
Aggiungi Tag
Nessun Tag, puoi essere il primo ad aggiungerne!!
|
MARC
| LEADER | 00000nam a2200000 a 4500 | ||
|---|---|---|---|
| 001 | UCQ2363 | ||
| 003 | CL-VaPUC | ||
| 008 | 980724e19610000AG |||||||||||||||||spa|d | ||
| 082 | 0 | 4 | |a Pe863 |b ALE |2 21 |
| 100 | 0 | |a Alegría Bazán, Ciro |e author |9 416236 | |
| 245 | 1 | 3 | |a El mundo es ancho y ajeno |
| 300 | |a 427 p | ||
| 942 | |c BK | ||
| 945 | |d 19980724 00:00:00 |a lriquelm | ||
| 260 | |a Buenos Aires |b Losada |c 1961 | ||
| 650 | 7 | |a NOVELAS PERUANAS |2 CL-VaPUC |9 416237 | |
| 650 | 0 | |a Literatura peruana |9 257452 | |
| 583 | |a last modification |c 20190712 03:46:49 |k Rodrigo Vera | ||
| 490 | 0 | |a Novelistas de nuestra época | |
| 999 | |c 273194 |d 273192 | ||
| 952 | |0 0 |1 0 |4 0 |6 PE_863_000000000000000_ALE_1961 |7 0 |8 A |9 308567 |a BIBEDU |b BIBEDU |d 2019-11-20 |i 1447289 |o Pe863 ALE 1961 |p 1447289 |r 2019-11-20 |w 2019-11-20 |y BK |k LIT | ||
| 952 | |0 0 |1 0 |4 0 |6 PE_863_000000000000000_ALE_1961 |7 0 |8 A |9 308568 |a BIBEDU |b BIBEDU |d 2019-11-20 |i 1447238 |o Pe863 ALE 1961 |p 1447238 |r 2019-11-20 |w 2019-11-20 |y BK |k LIT | ||